000 00479nam a2200169Ia 4500
005 20240530072044.0
008 240331s9999 xx 000 0 und d
020 _a9789556250497
082 _a340.59
100 _aMWRAF
245 0 _aWOMEN CLAIMING RIGHTS AND SPACES
_bActivism to Reform Muslim Personal Law in Sri Lanka
260 _aColombo
_bMuslim Women's Research And Action Forum
_c2014
300 _axiii, 117 p .,
650 _aLaw
650 _aPolitical
942 _cL
999 _c5841
_d5841